[Event "AUTO-ADV-1691"]
[Site "http://www.queenalice.com/game.php?id=746981"]
[Date "2010.3.16"]
[Round "1"]
[White "vindaloo"]
[Black "carpe_diem"]
[Result "0-1"]
[WhiteElo "1803"]
[BlackElo "1874"]

1. c4 c5 2. Nc3 Nc6 3. g3 g6 4. Bg2 Bg7 5. e3 e5 6. Nge2 Nge7 7. d4 cxd4 8. exd4
exd4 9. Nd5 b5 10. cxb5 Nb8 11. Nxd4 Bb7 12. Ne3 Bxg2 13. Nxg2 O-O 14. O-O Qb6
15. Be3 Qb7 16. Rb1 Nd5 17. Nc2 Qxb5 18. Bc1 Nc3 19. bxc3 Qxb1 0-1

[Event "AUTO-ADV-1691"]
[Site "http://www.queenalice.com/game.php?id=746982"]
[Date "2010.3.16"]
[Round "1"]
[White "carpe_diem"]
[Black "vindaloo"]
[Result "0-1"]
[WhiteElo "1783"]
[BlackElo "1692"]

1. c4 c6 2. Nf3 d5 3. b3 Nf6 4. Bb2 e6 5. g3 Be7 6. Bg2 O-O 7. O-O Nbd7 8. d3 e5
9. Nxe5 dxc4 10. bxc4 Re8 11. a3 Nxe5 12. Bxe5 Nd7 13. Bc3 c5 14. e3 Rb8 15. a4
b6 16. Nd2 Bf6 17. d4 Nf8 18. Ne4 cxd4 19. Nxf6+ Qxf6 20. Bxd4 Qe7 21. Qc2 Be6
22. Be4 Bxc4 23. Rfd1 Ba6 24. Bg2 Ne6 25. Qe4 Bb7 26. Qe5 Nxd4 27. Qxd4 Bxg2 28.
Kxg2 Red8 29. Qf4 Rxd1 30. Rxd1 Rd8 31. Rxd8+ Qxd8 32. Qd4 Qa8+ 33. f3 h6 34.
Qc4 g6 35. h3 Qd8 36. Qa2 a6 37. Kf2 b5 38. Ke2 Qb8 39. f4 Qb7 40. Kf2 b4 41.
Qb3 a5 42. g4 Qd7 43. Ke2 Kg7 44. Qb2+ Kf8 45. Qh8+ Ke7 46. Qxh6 Qxa4 47. Qg5+
Ke8 48. Qe5+ Kf8 49. Qc5+ Kg8 50. Qc4 Qe8 51. Qb3 Qb5+ 52. Ke1 a4 53. Qb2 a3 54.
Qa2 Qa4 55. Kd2 b3 56. Qa1 b2 57. Qa2 Qb4+ 58. Kc2 Qc5+ 0-1

[Event "AUTO-ADV-1691"]
[Site "http://www.queenalice.com/game.php?id=746997"]
[Date "2010.3.16"]
[Round "1"]
[White "tenentemurdock"]
[Black "carpe_diem"]
[Result "0-1"]
[WhiteElo "1711"]
[BlackElo "1829"]

1. b4 Nf6 2. Bb2 e6 3. Bxf6 Qxf6 4. c3 b5 5. e4 Bb7 6. d3 Bxb4 7. d4 Ba5 8. e5
Qg6 9. Ne2 Qg5 10. Na3 b4 11. Nb5 a6 12. Qa4 axb5 13. Qxb5 Bc6 14. Qd3 bxc3 15.
Nxc3 Bxc3+ 16. Qxc3 Bxg2 17. Qxc7 Bxh1 18. Qc8+ Qd8 19. Qxd8+ Kxd8 20. Be2 Bd5
21. f4 Nc6 22. a4 Bb3 23. Bb5 Nxd4 24. Kd2 Nxb5 25. a5 Nc7 26. Kc3 Bd5 27. Kb4
Ke7 28. Kc5 Rhb8 29. Kd4 Rb3 30. Rc1 Nb5+ 31. Kc5 Rc8+ 32. Kb6 Nd4+ 0-1

[Event "AUTO-ADV-1691"]
[Site "http://www.queenalice.com/game.php?id=746998"]
[Date "2010.3.16"]
[Round "1"]
[White "carpe_diem"]
[Black "tenentemurdock"]
[Result "1-0"]
[WhiteElo "1887"]
[BlackElo "1707"]

1. c4 e5 2. Nc3 Bb4 3. g3 e4 4. Nxe4 Nf6 5. Qc2 Qe7 6. Bg2 Nxe4 7. Bxe4 c6 8.
Bxh7 g6 9. Bxg6 fxg6 10. Qxg6+ Kd8 11. a3 Bc5 12. d4 Bxd4 13. Bg5 Bxb2 14. Bxe7+
1-0

[Event "AUTO-ADV-1691"]
[Site "http://www.queenalice.com/game.php?id=747009"]
[Date "2010.3.16"]
[Round "1"]
[White "carpe_diem"]
[Black "king_chess"]
[Result "0-1"]
[WhiteElo "1826"]
[BlackElo "1772"]

1. c4 c6 2. Nf3 d5 3. b3 dxc4 4. bxc4 Be6 5. e3 Nd7 6. d4 Qa5+ 7. Bd2 Qh5 8. Be2
O-O-O 9. Ne5 Qh4 10. g3 Qf6 11. Ng4 Qg6 12. Nc3 h5 13. Ne5 Nxe5 14. dxe5 h4 15.
O-O hxg3 16. fxg3 Qg5 17. Nb1 Qxe5 18. Nc3 Nf6 19. Qc2 g6 20. Bd3 Qd6 21. Rab1
Qxd3 22. Qxd3 Rxd3 23. Rb2 Ng4 24. Rfb1 Bxc4 25. Rxb7 Rxd2 26. Rb8+ Kd7 27.
R1b7+ Ke6 28. Rb4 Rhxh2 29. Rxc4 Rhg2+ 0-1

[Event "AUTO-ADV-1691"]
[Site "http://www.queenalice.com/game.php?id=747010"]
[Date "2010.3.16"]
[Round "1"]
[White "king_chess"]
[Black "carpe_diem"]
[Result "1-0"]
[WhiteElo "1893"]
[BlackElo "1728"]

1. Nf3 d5 2. c4 c6 3. cxd5 cxd5 4. e3 Nc6 5. Bb5 a6 6. Bxc6+ bxc6 7. O-O Qc7 8.
d4 g6 9. Nc3 Bg7 10. e4 dxe4 11. Nxe4 Bg4 12. Be3 Qb7 13. Rb1 Rd8 14. Nc5 Qc8
15. Qa4 Bxf3 16. gxf3 e6 17. Nxa6 Ne7 18. Rfc1 O-O 19. Nb4 Bxd4 20. Bxd4 Rxd4
21. Qa7 Rd7 22. Qc5 Rc7 23. a4 Rd8 24. a5 Rdd7 25. Ra1 Qb7 26. a6 Qa7 27. Qxa7
Rxa7 28. Nxc6 Nxc6 29. Rxc6 Kg7 30. b4 Rd8 31. h3 Rb8 32. Rb1 Rb5 33. Rd6 Kf6
34. f4 Kf5 35. h4 h5 36. f3 Kxf4 37. Kf2 Ke5 38. Rc6 Kd5 39. Rbc1 Ke5 40. R6c5+
Rxc5 41. bxc5 Rxa6 42. c6 Ra8 43. Rd1 Rc8 44. Rd7 f6 45. c7 Kf4 46. Rd4+ Kf5 47.
Rd7 g5 48. hxg5 Kxg5 49. Rg7+ 1-0

[Event "AUTO-INT-1506"]
[Site "http://www.queenalice.com/game.php?id=755480"]
[Date "2010.4.2"]
[Round "2"]
[White "bananaman"]
[Black "carpe_diem"]
[Result "1-0"]
[WhiteElo "1965"]
[BlackElo "1742"]

1. Nf3 Nf6 2. g3 c5 3. Bg2 Nc6 4. d3 e6 5. O-O h6 6. e4 Qc7 7. Re1 d6 8. Nbd2 b5
9. c3 Be7 10. Nf1 O-O 11. e5 dxe5 12. Nxe5 Bb7 13. Bf4 Bd6 14. d4 Rad8 15. Rc1
Qa5 16. Nxc6 Bxc6 17. Bxc6 a6 18. Qf3 Bxf4 19. Qxf4 Qb6 20. Bg2 cxd4 21. cxd4
Rxd4 22. Qc7 Qxc7 23. Rxc7 1-0

[Event "AUTO-INT-1506"]
[Site "http://www.queenalice.com/game.php?id=755481"]
[Date "2010.4.2"]
[Round "2"]
[White "carpe_diem"]
[Black "bananaman"]
[Result "0-1"]
[WhiteElo "1719"]
[BlackElo "1972"]

1. c4 Nf6 2. Nc3 d6 3. e3 g6 4. g3 Bg7 5. Bg2 c6 6. h3 Na6 7. d4 O-O 8. Nge2 Bf5
9. a3 Nc7 10. Qb3 Qc8 11. Qa2 Be6 12. Nf4 Bd7 13. O-O Ne6 14. Nce2 Rb8 15. b4
Nxf4 16. Nxf4 g5 17. Ne2 Bxh3 18. Nc3 Qd7 19. Bb2 b6 20. a4 a5 21. Ba3 h5 22.
Rfe1 Bxg2 0-1

[Event "AUTO-INT-1506"]
[Site "http://www.queenalice.com/game.php?id=755484"]
[Date "2010.4.2"]
[Round "2"]
[White "Prof_Odair"]
[Black "carpe_diem"]
[Result "1-0"]
[WhiteElo "1820"]
[BlackElo "1713"]

1. e4 e5 2. Nf3 d6 3. d4 exd4 4. Nxd4 g6 5. Nc3 Bg7 6. Be3 c5 7. Nf3 Qa5 8. Qd2
Qb6 9. Rb1 Nd7 10. Bb5 Qc7 11. Bh6 Bxh6 12. Qd5 Nf6 13. Qc4 O-O 14. O-O a6 15.
Bxd7 Bxd7 16. Rfd1 b5 17. Qf1 Bc6 18. Nd5 Bxd5 19. exd5 Rfe8 20. c4 Qb7 21. cxb5
axb5 22. b3 Rxa2 23. h3 Nxd5 24. Ra1 Rea8 25. Rxa2 Rxa2 26. Qd3 Nf4 27. Qxd6 Bf8
28. Qxf4 Qa7 29. Rd8 1-0

[Event "AUTO-INT-1506"]
[Site "http://www.queenalice.com/game.php?id=755485"]
[Date "2010.4.2"]
[Round "2"]
[White "carpe_diem"]
[Black "Prof_Odair"]
[Result "0-1"]
[WhiteElo "1701"]
[BlackElo "1832"]

1. c4 Nf6 2. Nc3 c5 3. g3 Nc6 4. Bg2 g6 5. Nf3 Bg7 6. O-O d6 7. d3 Be6 8. Qb3
Qd7 9. e3 Bh3 10. Nd5 Bxg2 11. Kxg2 O-O 12. Bd2 Nxd5 13. cxd5 Ne5 14. Nxe5 Bxe5
15. e4 b5 16. a3 a5 17. Qc2 Rac8 18. Bxa5 Ra8 19. Bc3 Bxc3 20. Qxc3 b4 21. axb4
Rxa1 22. Rxa1 cxb4 23. Qxb4 Rc8 24. Qd2 e6 25. dxe6 fxe6 26. Qe3 Qf7 27. Ra7 Qf8
28. Qd2 Rb8 0-1

[Event "AUTO-ADV-1580"]
[Site "http://www.queenalice.com/game.php?id=758102"]
[Date "2010.4.8"]
[Round "2"]
[White "forki"]
[Black "carpe_diem"]
[Result "0-1"]
[WhiteElo "1762"]
[BlackElo "1734"]

1. d4 d5 2. c4 c6 3. Nc3 dxc4 4. e4 e6 5. Bxc4 b5 6. Bb3 Bb7 7. Nf3 a6 8. e5 Nd7
9. O-O h6 10. Ne4 Nb6 11. Bf4 Nc8 12. Qd2 Be7 13. a4 g5 14. Bg3 Nb6 15. a5 Nd5
16. Nd6+ Bxd6 17. exd6 f5 0-1

[Event "AUTO-ADV-1749"]
[Site "http://www.queenalice.com/game.php?id=769321"]
[Date "2010.5.2"]
[Round "1"]
[White "OliverMeewes"]
[Black "carpe_diem"]
[Result "1-0"]
[WhiteElo "1837"]
[BlackElo "1667"]

1. e4 c6 2. Bc4 d5 3. exd5 cxd5 4. Bb5+ Bd7 5. Bxd7+ Nxd7 6. d4 Ngf6 7. Nc3 e6
8. a3 Be7 9. h3 O-O 10. Nf3 a6 11. Bg5 h6 12. Bxf6 Nxf6 13. O-O Rc8 14. Qd3 Qd7
15. a4 Bb4 16. Ne2 Qc6 17. c3 Bd6 18. Ne5 Qc7 19. a5 Bxe5 20. dxe5 1-0

[Event "AUTO-ADV-1749"]
[Site "http://www.queenalice.com/game.php?id=769322"]
[Date "2010.5.2"]
[Round "1"]
[White "carpe_diem"]
[Black "OliverMeewes"]
[Result "0-1"]
[WhiteElo "1658"]
[BlackElo "1846"]

1. c4 e5 2. Nc3 Bc5 3. g3 Qf6 4. e3 d6 5. Nd5 Qd8 6. d4 c6 7. dxc5 cxd5 8. cxd5
dxc5 9. Bg2 Nf6 10. e4 h6 11. h3 b6 12. Qd3 a5 13. Qc3 Qd6 14. Be3 Nbd7 15. Ne2
Ba6 16. Bf3 Bxe2 17. Bxe2 Nxe4 18. Qd3 Nef6 19. Qf5 Qxd5 20. O-O c4 0-1

[Event "AUTO-ADV-1749"]
[Site "http://www.queenalice.com/game.php?id=769333"]
[Date "2010.5.2"]
[Round "1"]
[White "Thyba"]
[Black "carpe_diem"]
[Result "1-0"]
[WhiteElo "1960"]
[BlackElo "1750"]

1. e4 c6 2. f4 e5 3. Nf3 exf4 4. d4 d5 5. exd5 Qxd5 6. Bxf4 Nd7 7. Be2 Ngf6 8.
O-O Bd6 9. Nc3 Qf5 10. Bxd6 b5 11. Bd3 Qh5 12. Qe2+ Kd8 13. Qe7# 1-0

[Event "AUTO-ADV-1749"]
[Site "http://www.queenalice.com/game.php?id=769334"]
[Date "2010.5.2"]
[Round "1"]
[White "carpe_diem"]
[Black "Thyba"]
[Result "0-1"]
[WhiteElo "1735"]
[BlackElo "1968"]

1. c4 e5 2. Nc3 f5 3. g3 Nf6 4. Bg2 Bc5 5. e3 Nc6 6. a3 e4 7. Nge2 Ne5 8. O-O
Nd3 9. b4 Be7 10. Qa4 O-O 11. Qb3 Kh8 12. f4 c6 13. Nd1 d5 14. Nb2 Nxc1 0-1

[Event "AUTO-ADV-1749"]
[Site "http://www.queenalice.com/game.php?id=769341"]
[Date "2010.5.2"]
[Round "1"]
[White "carpe_diem"]
[Black "luiz_gustavo"]
[Result "0-1"]
[WhiteElo "1678"]
[BlackElo "1813"]

1. c4 e5 2. Nc3 Nf6 3. g3 Bc5 4. e3 O-O 5. Bg2 c6 6. Nge2 a6 7. a3 d6 8. b4 Ba7
9. d4 exd4 10. exd4 d5 11. c5 b6 12. a4 bxc5 13. bxc5 Nbd7 14. O-O Re8 15. Bf4
Bb8 16. Qb3 Bxf4 17. Nxf4 Rb8 0-1

[Event "AUTO-ADV-1749"]
[Site "http://www.queenalice.com/game.php?id=769342"]
[Date "2010.5.2"]
[Round "1"]
[White "luiz_gustavo"]
[Black "carpe_diem"]
[Result "1-0"]
[WhiteElo "1801"]
[BlackElo "1690"]

1. e4 c6 2. Nf3 d5 3. exd5 cxd5 4. d4 Qd6 5. Nc3 a6 6. g3 Nc6 7. Bg2 Bg4 8. Qd3
Nf6 9. O-O e6 10. Re1 h6 11. Bf4 Qd7 12. Na4 Qd8 13. Nc5 Qc8 14. Ne5 b6 15. Nxg4
Nxg4 16. Nb3 Be7 17. a3 O-O 18. Nd2 Qd7 19. b3 1-0